MARC details
| 000 -CABECERA |
| campo de control de longitud fija |
01796nam a2200253 a 4500 |
| 001 - NÚMERO DE CONTROL |
| campo de control |
000042102 |
| 005 - FECHA Y HORA DE LA ÚLTIMA TRANSACCIÓN |
| campo de control |
20240314073719.0 |
| 008 - DATOS DE LONGITUD FIJA--INFORMACIÓN GENERAL |
| campo de control de longitud fija |
081030s2013 dr 001 0 spa d |
| 020 ## - NÚMERO INTERNACIONAL ESTÁNDAR DEL LIBRO |
| Número Internacional Estándar del Libro |
9789945462630 |
| 040 ## - FUENTE DE LA CATALOGACIÓN |
| Centro catalogador/agencia de origen |
DO-SdBNP |
| Lengua de catalogación |
spa |
| Centro/agencia transcriptor |
BNPHU |
| 082 ## - NÚMERO DE LA CLASIFICACIÓN DECIMAL DEWEY |
| Número de clasificación |
923.27293 |
| Número de documento/Ítem |
D812p, 2013 |
| 100 1# - ENTRADA PRINCIPAL--NOMBRE DE PERSONA |
| Nombre de persona |
Pérez, Carlos Federico, |
| Fechas asociadas al nombre |
1912-1984 |
| 9 (RLIN) |
24849 |
| 245 13 - MENCIÓN DE TÍTULO |
| Título |
El pensamiento y la acción en la vida de Juan Pablo Duarte / |
| Mención de responsabilidad, etc. |
Carlos Federico Pérez y Pérez. |
| 250 ## - MENCIÓN DE EDICIÓN |
| Mención de edición |
3a ed. |
| 260 ## - PUBLICACIÓN, DISTRIBUCIÓN, ETC. |
| Lugar de publicación, distribución, etc. |
Santo Domingo : |
| Nombre del editor, distribuidor, etc. |
CPEP, |
| Fecha de publicación, distribución, etc. |
2013. |
| 300 ## - DESCRIPCIÓN FÍSICA |
| Extensión |
298 p. ; |
| Dimensiones |
23 cm. |
| 490 1# - MENCIÓN DE SERIE |
| Mención de serie |
Bibliófilos ; |
| Designación de volumen o secuencia |
4 |
| 500 ## - NOTA GENERAL |
| Nota general |
Incluye bibliografía por orden cronológico e índice onomástico |
| 505 0# - NOTA DE CONTENIDO CON FORMATO |
| Nota de contenido con formato |
Presentación -- Exordio -- Duarte, praxis e ideología en la obra de Carlos Federico Pérez y Pérez -- Palabras previas -- El legado tradicional en Santo Domingo y las ideas nuevas en el lapso de 1785 a 1809 -- El período de la España Boba: 1809-1821 -- Acerca de la entrada y actuación de Duarte en la historia -- Los cimientos ideológicos -- Al pensamiento siguió la acción -- Surge el núcleo de la revolución: La Trinitaria -- La etapa del dinamismo revolucionario -- El hombre de acción -- Duarte se proyecta en ausencia -- ¡Salve al Padre de la Patria! -- La política como magisterio -- El pensamiento de Duarte según las ideas y los hechos -- Una mirada al verso -- ¡El revolucionario no había muerto! -- A modo de balance final -- Cronología de la vida de Juan Pablo Duarte 1813-1876 -- Bibliografía adicional por orden cronológico --Anexo -- Índice onomástico. |
| 600 10 - PUNTO DE ACCESO ADICIONAL DE MATERIA--NOMBRE DE PERSONA |
| Nombre de persona |
Duarte, Juan Pablo, |
| Fechas asociadas al nombre |
1813-1876 |
| 9 (RLIN) |
1494 |
| 710 12 - PUNTO DE ACCESO ADICIONAL--NOMBRE DE ENTIDAD CORPORATIVA |
| Nombre de entidad corporativa o nombre de jurisdicción como elemento de entrada |
República Dominicana |
| Unidad subordinada |
Comisión Permanente de Efemérides Patria |
| 9 (RLIN) |
45309 |
| 830 #0 - PUNTO DE ACCESO ADICIONAL DE SERIE-TÍTULO UNIFORME |
| Título uniforme |
Bibliófilos ; |
| Número de parte o sección de la obra |
4 |
| 9 (RLIN) |
69099 |
| 910 ## - DATOS DE OPCIÓN DEL USUARIO (OCLC) |
| Datos de opción del usuario |
Validado. Control de calidad MFF |